01044nam a22001337a 4500003000400000005001700004008004100021020001800062100001300080245003800093260003400131300001100165520073400176OSt20260216145145.0260216b |||||||| |||| 00| 0 eng d a9780143444343 4Murty S. aBest Loved Stories of Sudha Murty aHaryana bPenguin Booksc2018 a243pp. audha Murty is the chairperson of the Infosys Foundation in India. She has a master's degree in electrical engineering from the Indian Institute of Science, Bangalore. She started her career as a development engineer and has also taught computer science at Bangalore University colleges. Sudha Murty is a prolific writer in Kannada and English. She is a columnist for English and Kannada dailies with twenty-nine books and 200 titles to her credit. Her books have been translated into all major Indian languages. She has been honoured with various awards for her philanthropic and literary efforts. She has also received the Padma Shri from the Government of India as well as seven honorary doctorates from universities in India.